| 000 | 00768cab a2200253 4500 | ||
|---|---|---|---|
| 001 | WB3209-16 | ||
| 008 | 090401t1996 xxu||||| |||| 00| 0 eng d | ||
| 035 | _a(Sirsi) u40207 | ||
| 041 | _aeng | ||
| 245 | 2 | _aA flash flood from Germany | |
| 260 | _c1996 | ||
| 350 | _a0 | ||
| 490 |
_aFinancial Times _v1 March 1996, 11(1) |
||
| 520 | _aLooks at the German trend to invest in property via open-ended funds and the implications this has for the rest of Europe. | ||
| 650 | _aDESPA | ||
| 650 | _aEUROPE | ||
| 650 | _aGERMANY | ||
| 650 | _aINSTITUTIONAL INVESTMENT | ||
| 650 | _aLIQUIDITY | ||
| 650 | _aOPEN-ENDED INVESTMENT FUNDS | ||
| 690 | _aPROPERTY-COMMERCIAL PROPERTY-COMMERCIAL PROPERTY FINANCE AND INVESTMENT | ||
| 942 | _n0 | ||
| 948 | _c04/03/1997 | ||
| 999 |
_c25757 _d25757 |
||